000 00240nam a2200097Ia 4500
001 991615
005 20250826221333.0
008 250824s9999 xx 000 0 und d
245 0 _aÇALINAN MEKTUP
_cEDGAR ALLAN POE
260 _bKETEBE YAYINLARI
999 _c991615
_d991615